| 000 | 00890nam a2200217Ia 4500 | ||
|---|---|---|---|
| 003 | GCL | ||
| 008 | 140319s9999 xx 000 0 ara d | ||
| 020 | _a6085829953 | ||
| 040 |
_aGCL / _cGCL |
||
| 082 | 0 | 4 |
_a320.9611 _bح ز |
| 100 | 1 | _aحافظ عبدالرحيم | |
| 245 | 1 | 0 |
_aالزبونية السياسية فى المجتمع العربى : _bقراءة اجتماعية - سياسية فى تجربة البناء الوطنى بتونس / _cحافظ عبدالرحيم |
| 250 | _aالاولى | ||
| 260 |
_aبيروت : _bمركز دراسات الوحدة العربية ، _c2006 |
||
| 300 |
_a488 ص ؛ _c24 سم |
||
| 490 |
_aسلسلة اطروحات الدكتوراة _v59 |
||
| 650 | 0 | 4 | _aتونس - الاحوال السياسية |
| 650 | 0 | 4 | _aتونس - الاحزاب السياسية |
| 650 | 0 | 4 | _aتونس - النظم الاجتماعية |
| 942 |
_2ddc _cBK |
||
| 999 |
_c8988 _d8988 |
||